Giai thoại văn chương Việt Nam
v.v...
Đã lưu trong:
| Tác giả chính: | |
|---|---|
| Định dạng: | Sách |
| Năm xuất bản: |
Đà Nẵng
Nxb Đà Nẵng
1994
|
| Chủ đề: | |
| Tags: |
Thêm thẻ
Không có thẻ, Hãy là người đầu tiên gắn thẻ bản ghi này!
|
| LEADER | 01088nam a2200205 4500 | ||
|---|---|---|---|
| 082 | |a 895.922802 |b TH103B | ||
| 100 | |a Thái Bạch | ||
| 245 | |a Giai thoại văn chương Việt Nam |c Thái Bạch | ||
| 260 | |a Đà Nẵng |b Nxb Đà Nẵng |c 1994 | ||
| 300 | |a 195 tr. |c 19 cm. | ||
| 520 | |a v.v... | ||
| 653 | |a Văn học trung đại | ||
| 653 | |a Việt Nam | ||
| 653 | |a Giai thoại | ||
| 942 | |2 ddc |c STK0 | ||
| 999 | |c 3579 |d 3579 | ||
| 952 | |0 0 |1 0 |2 ddc |4 0 |6 895_922200000000000_TH103B |7 1 |8 800 |9 37296 |a qbu |b qbu |c D5 |d 2014-12-16 |g 15000 |o 895.9222 TH103B |p 1283.c1 |r 0000-00-00 |w 2014-12-16 |y STK0 | ||
| 952 | |0 0 |1 0 |2 ddc |4 0 |6 895_922200000000000_TH103B |7 0 |8 800 |9 37297 |a qbu |b qbu |c D5 |d 2014-12-16 |g 15000 |l 1 |o 895.9222 TH103B |p 1283.c2 |r 2020-08-17 |s 2020-08-17 |w 2014-12-16 |y STK0 | ||
| 952 | |0 0 |1 0 |2 ddc |4 0 |6 895_922200000000000_TH103B |7 0 |8 800 |9 97771 |a qbu |b qbu |c D5 |d 2015-11-05 |g 15000 |o 895.9222 TH103B |p 1283.c3 |r 0000-00-00 |w 2015-11-05 |y STK0 | ||
| 952 | |0 0 |1 0 |2 ddc |4 0 |6 895_922200000000000_TH103B |7 0 |8 800 |9 105152 |a qbu |b qbu |c D5 |d 2016-01-13 |g 15000 |l 1 |o 895.9222 TH103B |p 1283.c4 |r 2018-09-24 |s 2018-09-18 |w 2016-01-13 |y STK0 | ||